The Twelve Cranial Nerves - Statistics

General Stats
  • This quiz has been taken 574 times
  • The average score is 9 of 12
Answer Stats
Hint Answer % Correct
Cranial Nerve II Optic Nerve
93%
Cranial Nerve I Olfactory Nerve
90%
Cranial Nerve X Vagus Nerve
87%
Cranial Nerve VII Facial Nerve
82%
Cranial Nerve V Trigeminal Nerve
80%
Cranial Nerve III Oculomotor Nerve
79%
Cranial Nerve VI Abducens Nerve
75%
Cranial Nerve XII Hypoglossal Nerve
73%
Cranial Nerve IV Trochlear Nerve
73%
Cranial Nerve VIII Vestibulocochlear Nerve
70%
Cranial Nerve IX Glossopharyngeal Nerve
67%
Cranial Nerve XI Spinal Accessory Nerve
34%
No matching quizzes found
Score Distribution
Percent of People with Each Score
Percentile by Number Answered
Your Score History
You have not taken this quiz